ARRUPE JESUIT UNIVERSITY

CORONAVIRUS -STOP THE SPREAD - CLEAN,DISINFECT,COVER

The Struggle for South Sudan: (Record no. 130182)

MARC details
000 -LEADER
fixed length control field 00592nam a22001697a 4500
008 - FIXED-LENGTH DATA ELEMENTS--GENERAL INFORMATION
fixed length control field 200123b ||||| |||| 00| 0 eng d
020 ## - INTERNATIONAL STANDARD BOOK NUMBER
International Standard Book Number 9781788315180
050 ## - LIBRARY OF CONGRESS CALL NUMBER
Classification number DT159.94 S933
100 ## - MAIN ENTRY--PERSONAL NAME
Personal name Kuol, Luka Biong Deng (ed.)
9 (RLIN) 49044
245 ## - TITLE STATEMENT
Title The Struggle for South Sudan:
Remainder of title challenges of security and state formation
Statement of responsibility, etc edited by Luka Biong Deng Kuol and Sarah Logan
260 ## - PUBLICATION, DISTRIBUTION, ETC. (IMPRINT)
Place of publication, distribution, etc London
Name of publisher, distributor, etc I.B. Tauris
Date of publication, distribution, etc 2019
300 ## - PHYSICAL DESCRIPTION
Extent 283p.
Dimensions 22cm.
650 ## - SUBJECT ADDED ENTRY--TOPICAL TERM
Topical term or geographic name as entry element South Sudan
General subdivision Politics
9 (RLIN) 49045
650 ## - SUBJECT ADDED ENTRY--TOPICAL TERM
Topical term or geographic name as entry element South Sudan
General subdivision History
9 (RLIN) 49046
700 ## - ADDED ENTRY--PERSONAL NAME
Personal name Logan, Sarah (ed.)
9 (RLIN) 49047
942 ## - ADDED ENTRY ELEMENTS (KOHA)
Source of classification or shelving scheme Library of Congress Classification
Item type Monograph ( Printed materials)
Holdings
Withdrawn status Lost status Source of classification or shelving scheme Damaged status Not for loan Home library Current library Date acquired Total Checkouts Full call number Barcode Date last seen Date last borrowed Price effective from Koha item type
    Library of Congress Classification     ARRUPE LIBRARY ARRUPE LIBRARY 23/01/2020 1 DT159.94 S933 46600006237 11/05/2022 24/01/2020 23/01/2020 Monograph ( Printed materials)

 

Arrupe Library. PO Box MP320 Mt Pleasant, Harare, Zimbabwe
263 242 745411|librarian@aju.ac.zw